1445 1460 1256 1267 1196 1386 1516 1766 1483 1455 1593 1612 1194 1741 1976 1392 1240 1736 1613 1098 1009 1864 1611 1319 1809 1093 1159 1653 1402 1705 1685 1798 1950 1423 1538 1372 1005 1073 1866 1710 1165 1076 1508 1678 1123 1287 1480 1734 1620 1993 1679 1705 1601 1300 1169 1141 1813 1659 1948 1231 1720 1879 1604 1631 1771 1380 1989 1133 1862 1056 1444 1366 1415 1577 1362 1434 1326 1282 1927 1153 1536 1145 1618 1114 1712 1511 1367 1412 1902 1146 1797 1345 1894 1052 1540 1516 1739 1600 1940 BCNSPRNW ULIB Ver.6.0+V

เปลี่ยนเป็นภาษาไทย

Change to English
 แสดงรายละเอียดบรรณานุกรม
  กลับหน้าหลัก

Brief Record : Get Marc (ISO 2709) : E-mail record : QR code < ปิดหน้าต่าง
LEADER : 00000nam 2200000uu 4500
001    13399115123
003     ULIB
008    120711s2551||||th 000 0 tha d
020    ^a9789741685196
090    ^aนว.^bน574ส 2551
100 0  ^aนิตย์รวี
245 00 ^aรักร้อย...หนึ่งใจ/^cนิตย์รวี
250    ^aพิมพ์ครั้งที่
260    ^aกรุงเทพฯ :^bธุรดา,^c2551
300    ^a289 หน้า
995    ^aกัณชพร
999    ^aใช้งานได้ทุกระบบ
รายการนี้ยังไม่มีแท็ก
คุณยังไม่ได้ล็อกอิน คุณสามารถมีกิจกรรมร่วมกับเว็บไซต์ได้ แต่ต้องล็อกอินก่อน ::
  ล็อกอิน

รายการสื่อสารสนเทศ

ลำดับที่ ประเภท เลขเรียก/บาร์โค้ด สถานที่ สถานะ
- ไม่พบข้อมูล -

รายการใกล้เคียง
    ผู้แต่ง [นิตย์รวี]

BibComment


ยังไม่เคยถูกคอมเมนท์

คอมเมนท์ทรัพยากรรายการนี้
  คอมเมนท์: รักร้อยหนึ่งใจ น..


 Copyright 2026. Bcnsprnw @Library